=LDR 00000nam 2200000 4500 =001 INLIS000000000044637 =005 20131008110308 =008 ***********************************Ind** =035 ##$$0010-101300000002559 =041 ##$$a Ind =082 ##$$a 636 =090 ##$$a 636 ; Wid u =100 ##$$a Widyastuti, Yustina Erna =245 ##$$a USaha Tani terpadu ternak dan tanaman , Yustina Erna Widyastuti =260 ##$$a 1996 $b Jakarta =850 ##$$a NBPNMAT